[Event "ODJM A 2014"]
[Site "Magdeburg GER"]
[Date "2014.06.08"]
[Round "2"]
[White "Alten, Silvio"]
[Black "Berchtenbreiter, Maximilian"]
[Result "0-1"]
[Termination "normal"]
[Board "1"]
[BlackTitle "IM"]
[WhiteElo "1890"]
[BlackElo "2396"]
[PlyCount "60"]
[WhiteFideId "24660078"]
[BlackFideId "24641120"]
[EventCountry "GER"]
[EventRounds "9"]
[EventType "swiss"]
[EventDate "2014.06.07"]

1. e4 c6 2. d4 g6 3. Ne2 d5 4. e5 Na6 5. Ng3 h5 6. h4 Nh6 7. c3 Nc7 8. Nd2 Nf5
9. Nf3 Nxg3 10. fxg3 Bf5 11. Bg5 Ne6 12. Be2 Nxg5 13. Nxg5 f6 14. exf6 exf6 15.
Nh3 Qc7 16. Nf4 O-O-O 17. O-O Kb8 18. Nxh5 gxh5 19. Rxf5 Bd6 20. Bxh5 Bxg3 21.
Qf3 Bxh4 22. Bg4 Rdg8 23. Bh3 Rg3 24. Qe2 Bg5 25. Kf1 a5 26. Rd1 Be3 27. Rf3
Rhxh3 28. Qxe3 Rh1+ 29. Ke2 Rxg2+ 30. Rf2 Rxf2+ 0-1

[Event "ODJM A 2014"]
[Site "Magdeburg GER"]
[Date "2014.06.08"]
[Round "2"]
[White "Gölz, Daniel"]
[Black "Gauchel, Lorenz"]
[Result "1-0"]
[Termination "normal"]
[Board "2"]
[WhiteElo "2225"]
[BlackElo "1766"]
[PlyCount "95"]
[WhiteFideId "24626325"]
[BlackFideId "12905283"]
[EventCountry "GER"]
[EventRounds "9"]
[EventType "swiss"]
[EventDate "2014.06.07"]

1. e4 Nf6 2. e5 Nd5 3. d4 d6 4. c4 Nb6 5. f4 dxe5 6. fxe5 Nc6 7. Be3 Bf5 8. Nf3
e6 9. Be2 Be7 10. O-O O-O 11. a3 a5 12. b3 f6 13. exf6 Bxf6 14. Nc3 Nc8 15. Qd2
Nd6 16. Rad1 Qe7 17. Bf4 Rad8 18. Qc1 Ne4 19. Nb5 e5 20. dxe5 Nxe5 21. Nxe5
Bxe5 22. Bxe5 Qxe5 23. Qe3 c6 24. Nd4 Bg6 25. Rxf8+ Rxf8 26. Nf3 Qc5 27. Qxc5
Nxc5 28. b4 axb4 29. axb4 Ne4 30. Rd7 Rf7 31. Rd4 Re7 32. Bd3 Re8 33. c5 Nf6
34. Bxg6 hxg6 35. Rd6 Nd5 36. b5 Rc8 37. Ne5 Nb4 38. Nxg6 Rc7 39. b6 Rf7 40. h4
Na6 41. Rd8+ Kh7 42. Nf8+ Kh6 43. g4 g6 44. Ne6 Rh7 45. Kg2 Nb4 46. g5+ Kh5 47.
Kg3 Nd5 48. Rxd5 1-0

[Event "ODJM A 2014"]
[Site "Magdeburg GER"]
[Date "2014.06.08"]
[Round "2"]
[White "van Klev, Fabian"]
[Black "Wenninger, Philipp"]
[Result "0-1"]
[Termination "normal"]
[Board "3"]
[WhiteElo "1880"]
[BlackElo "2251"]
[PlyCount "115"]
[WhiteFideId "12964255"]
[BlackFideId "4648404"]
[EventCountry "GER"]
[EventRounds "9"]
[EventType "swiss"]
[EventDate "2014.06.07"]

1. Nf3 d5 2. d4 Nf6 3. c4 c6 4. Nc3 a6 5. cxd5 cxd5 6. Bf4 Nc6 7. h3 Bf5 8. e3
e6 9. Be2 Qb6 10. O-O Be7 11. Na4 Qa7 12. Rc1 O-O 13. Qb3 Nd7 14. a3 Rfc8 15.
Qc3 b5 16. Nc5 Nxc5 17. dxc5 Bf6 18. Nd4 Qb7 19. b4 a5 20. Ra1 Ra7 21. bxa5
Nxa5 22. Qb4 Bxd4 23. exd4 Nc4 24. a4 Rca8 25. a5 Bc2 26. Rfc1 Ba4 27. Bxc4
dxc4 28. Rxc4 bxc4 29. Qxa4 Qe4 30. Be3 c3 31. c6 Rxa5 32. Qxa5 Rxa5 33. Rxa5
Qxc6 34. Rc5 Qb7 35. Rxc3 h6 36. Rc5 f6 37. h4 Qe4 38. g3 Kf7 39. Rc7+ Kg6 40.
Rc5 Kh7 41. Rc7 Qf3 42. Kh2 Qd5 43. Kg1 Qd8 44. Rc5 g5 45. hxg5 hxg5 46. Rc6
Qd5 47. Rc5 Qe4 48. Kh2 Kg6 49. Kg1 Kh5 50. Rc7 Kg4 51. Kh2 Qb1 52. Kg2 Qe4+
53. Kh2 Qa8 54. Kg1 Kf3 55. Rc3 Qa1+ 56. Rc1 Qb2 57. Re1 f5 58. g4 0-1

[Event "ODJM A 2014"]
[Site "Magdeburg GER"]
[Date "2014.06.08"]
[Round "2"]
[White "Wieber, Dominik"]
[Black "Rietze, Clemens"]
[Result "0-1"]
[Termination "normal"]
[Board "4"]
[BlackTitle "FM"]
[WhiteElo "1845"]
[BlackElo "2288"]
[PlyCount "52"]
[WhiteFideId "24699012"]
[BlackFideId "24620351"]
[EventCountry "GER"]
[EventRounds "9"]
[EventType "swiss"]
[EventDate "2014.06.07"]

1. e4 e5 2. Nf3 Nc6 3. Bb5 a6 4. Bxc6 dxc6 5. d3 f6 6. Be3 Bg4 7. Nbd2 c5 8.
Nb3 b6 9. c3 Ne7 10. d4 cxd4 11. cxd4 exd4 12. Nbxd4 c5 13. Nc2 Nc6 14. Qxd8+
Rxd8 15. Nd2 Ne5 16. f3 Be6 17. O-O Kf7 18. b3 Be7 19. Rfd1 Rd3 20. Kf2 Rc3 21.
Ne1 Rd8 22. Nf1 Nd3+ 23. Nxd3 Rcxd3 24. Ke2 R3d7 25. Rxd7 Bxd7 26. Rd1 Bb5+ 0-1

[Event "ODJM A 2014"]
[Site "Magdeburg GER"]
[Date "2014.06.08"]
[Round "2"]
[White "Meißner, Felix"]
[Black "Laubrock, Paul"]
[Result "1-0"]
[Termination "normal"]
[Board "5"]
[WhiteTitle "FM"]
[WhiteElo "2254"]
[BlackElo "1779"]
[PlyCount "51"]
[WhiteFideId "24671827"]
[BlackFideId "1270509"]
[EventCountry "GER"]
[EventRounds "9"]
[EventType "swiss"]
[EventDate "2014.06.07"]

1. d4 Nf6 2. c4 e6 3. Nc3 d5 4. cxd5 exd5 5. Bg5 Be7 6. e3 Bf5 7. Bxf6 Bxf6 8.
Qb3 Qc8 9. Nxd5 Nd7 10. Nxf6+ Nxf6 11. Qa3 Ne4 12. Nf3 Nd6 13. Be2 O-O 14. Rc1
Qd7 15. O-O c6 16. Rfd1 Qe6 17. Qa5 h6 18. d5 cxd5 19. Qxd5 Ne4 20. Qxe6 Bxe6
21. a3 Rac8 22. Nd4 Bd5 23. Rxc8 Rxc8 24. Nf5 Rc2 25. Bf3 Bc6 26. Ne7+ 1-0

[Event "ODJM A 2014"]
[Site "Magdeburg GER"]
[Date "2014.06.08"]
[Round "2"]
[White "Biefel, Christian"]
[Black "Carow, Annelen"]
[Result "1/2-1/2"]
[Termination "normal"]
[Board "6"]
[WhiteElo "1774"]
[BlackElo "2044"]
[PlyCount "43"]
[WhiteFideId "24692646"]
[BlackFideId "24692492"]
[EventCountry "GER"]
[EventRounds "9"]
[EventType "swiss"]
[EventDate "2014.06.07"]

1. c4 c5 2. Nc3 Nc6 3. Nf3 g6 4. d4 cxd4 5. Nxd4 Bg7 6. e3 d6 7. g3 Nf6 8. Bg2
Bd7 9. O-O O-O 10. Re1 Qb6 11. b3 a6 12. Bb2 Rac8 13. Qd2 Qa7 14. Nd5 Nxd5 15.
Nxc6 bxc6 16. Bxg7 Kxg7 17. cxd5 cxd5 18. Bxd5 Qb6 19. Rac1 a5 20. e4 Rfd8 21.
Qf4 f6 22. Kg2 1/2-1/2

[Event "ODJM A 2014"]
[Site "Magdeburg GER"]
[Date "2014.06.08"]
[Round "2"]
[White "Heldt, Ronny"]
[Black "Reisberg, Andre"]
[Result "1/2-1/2"]
[Termination "normal"]
[Board "7"]
[WhiteElo "1802"]
[BlackElo "1989"]
[PlyCount "78"]
[WhiteFideId "12903973"]
[BlackFideId "1270630"]
[EventCountry "GER"]
[EventRounds "9"]
[EventType "swiss"]
[EventDate "2014.06.07"]

1. d4 d5 2. c4 c6 3. Nf3 Nf6 4. e3 e6 5. Nbd2 Be7 6. b3 O-O 7. Bd3 c5 8. dxc5
Bxc5 9. O-O Nc6 10. Bb2 Nb4 11. Bb1 dxc4 12. Nxc4 b5 13. Qxd8 Rxd8 14. Bxf6
gxf6 15. Be4 Rb8 16. Nb2 f5 17. Bb1 Bb7 18. a3 Nc6 19. b4 Be7 20. Nd3 Bf6 21.
Ra2 Ne7 22. Nc5 Bd5 23. Rd2 Bc4 24. Rfd1 Nd5 25. Nd4 Nc3 26. Re1 Bxd4 27. exd4
Rd5 28. Bc2 Rdd8 29. Bb3 Bxb3 30. Nxb3 Nd5 31. Rc1 Rbc8 32. Nc5 Nb6 33. Rd3 Rd5
34. f4 Na4 35. Nb3 Rc4 36. Kf2 Rd8 37. Rdd1 Nc3 38. Re1 Kg7 39. g3 Rd6 1/2-1/2

[Event "ODJM A 2014"]
[Site "Magdeburg GER"]
[Date "2014.06.08"]
[Round "2"]
[White "Stein, Daniel"]
[Black "Wastian, Jan"]
[Result "1/2-1/2"]
[Termination "normal"]
[Board "8"]
[WhiteElo "1969"]
[BlackElo "1647"]
[PlyCount "66"]
[WhiteFideId "12939307"]
[BlackFideId "12911640"]
[EventCountry "GER"]
[EventRounds "9"]
[EventType "swiss"]
[EventDate "2014.06.07"]

1. e4 c6 2. Ne2 d5 3. e5 Bf5 4. Ng3 Bg6 5. h4 h5 6. d4 e6 7. Be2 Be7 8. Nxh5
Bxh5 9. Bxh5 g6 10. Bg4 Rxh4 11. Rxh4 Bxh4 12. Qd3 Nd7 13. Qh3 Bg5 14. f4 Bh6
15. Be3 Qb6 16. b3 Bxf4 17. c3 Bxe3 18. Qxe3 c5 19. Nd2 O-O-O 20. O-O-O cxd4
21. cxd4 Kb8 22. Kb2 Rc8 23. Rc1 Rxc1 24. Kxc1 Ne7 25. Nf3 Nf5 26. Bxf5 exf5
27. Qg5 Nf8 28. Kb1 Ne6 29. Qe7 Qc7 30. Qe8+ Nd8 31. Ng5 Kc8 32. Nh7 Qd7 33.
Qf8 Qb5 1/2-1/2

[Event "ODJM A 2014"]
[Site "Magdeburg GER"]
[Date "2014.06.08"]
[Round "2"]
[White "Bart, Simon"]
[Black "Nahnsen, Kenneth"]
[Result "1/2-1/2"]
[Termination "normal"]
[Board "9"]
[WhiteElo "2027"]
[BlackElo "1729"]
[PlyCount "95"]
[WhiteFideId "24637327"]
[BlackFideId "12957119"]
[EventCountry "GER"]
[EventRounds "9"]
[EventType "swiss"]
[EventDate "2014.06.07"]

1. d4 c5 2. d5 g6 3. c4 Bg7 4. Nf3 d6 5. Nc3 Bxc3+ 6. bxc3 Qa5 7. Qb3 f5 8. Bd2
Nf6 9. Ng5 h6 10. Ne6 Kf7 11. f3 Bxe6 12. dxe6+ Kxe6 13. e4 fxe4 14. fxe4 Nbd7
15. g3 Ne5 16. Bh3+ Kf7 17. O-O Qa6 18. Rab1 Rab8 19. Rbe1 Qxc4 20. Qb1 Kg7 21.
Bf4 Qxc3 22. Re3 Qd4 23. Qb3 Qc4 24. Bxe5 Qxb3 25. Bxf6+ exf6 26. axb3 Rbe8 27.
Rd3 Rxe4 28. Rxd6 Rf8 29. Bg2 Re7 30. Ra1 b6 31. Rad1 Rfe8 32. Rd7 Kf8 33. Kf1
Rxd7 34. Rxd7 Re7 35. Bc6 Rxd7 36. Bxd7 Ke7 37. Bb5 Kd6 38. Ke2 Kd5 39. Ke3 Ke5
40. h4 g5 41. h5 f5 42. Bd7 a6 43. Bc8 c4 44. bxc4 b5 45. Bxa6 bxc4 46. Bxc4
f4+ 47. gxf4+ gxf4+ 48. Kf3 1/2-1/2

[Event "ODJM A 2014"]
[Site "Magdeburg GER"]
[Date "2014.06.08"]
[Round "2"]
[White "Maar, Samuel"]
[Black "Kaplun, David"]
[Result "0-1"]
[Termination "normal"]
[Board "10"]
[WhiteElo "1765"]
[BlackElo "1800"]
[PlyCount "56"]
[WhiteFideId "12952591"]
[BlackFideId "12901954"]
[EventCountry "GER"]
[EventRounds "9"]
[EventType "swiss"]
[EventDate "2014.06.07"]

1. c4 e6 2. g3 d5 3. Bg2 Nf6 4. e3 a6 5. cxd5 exd5 6. Ne2 Bd6 7. Nbc3 c6 8. O-O
Bg4 9. d3 O-O 10. Qc2 Nbd7 11. e4 dxe4 12. dxe4 Bc5 13. Rd1 Qb6 14. Rf1 Qa7 15.
Na4 Be7 16. Be3 c5 17. Nf4 b5 18. h3 bxa4 19. hxg4 Nxg4 20. Nd5 Nde5 21. Nxe7+
Qxe7 22. Qxc5 Qf6 23. f4 Qh6 24. Rfd1 Qh2+ 25. Kf1 Qxg3 26. Bf2 Qxf4 27. Bh3
Rac8 28. Qd6 Qxf2# 0-1

[Event "ODJM A 2014"]
[Site "Magdeburg GER"]
[Date "2014.06.08"]
[Round "2"]
[White "Lüßmann, Thomas"]
[Black "Heldt, Nils-Lennart"]
[Result "1/2-1/2"]
[Termination "normal"]
[Board "11"]
[WhiteElo "1893"]
[BlackElo "1593"]
[PlyCount "57"]
[WhiteFideId "1270602"]
[BlackFideId "12952109"]
[EventCountry "GER"]
[EventRounds "9"]
[EventType "swiss"]
[EventDate "2014.06.07"]

1. d4 d5 2. c4 c6 3. Nf3 Nf6 4. cxd5 cxd5 5. Nc3 Nc6 6. Bf4 Bg4 7. e3 e6 8. Qb3
Qb6 9. Qxb6 axb6 10. Bb5 Bb4 11. Nd2 O-O 12. O-O Ra5 13. a4 Raa8 14. Rfc1 Rfc8
15. Nb3 Na5 16. Nd2 Nc6 17. Kf1 Na5 18. f3 Bf5 19. Ke2 Nc6 20. g4 Bg6 21. Bg3
h6 22. h3 Ne8 23. h4 Nd6 24. Bd3 Bxd3+ 25. Kxd3 Na5 26. b3 Rc6 27. Rc2 Rac8 28.
Rac1 Ba3 29. Ra1 1/2-1/2

[Event "ODJM A 2014"]
[Site "Magdeburg GER"]
[Date "2014.06.08"]
[Round "2"]
[White "Wagner, Swenja"]
[Black "Balazs, Balint"]
[Result "0-1"]
[Termination "normal"]
[Board "12"]
[WhiteElo "1417"]
[BlackElo "1846"]
[PlyCount "58"]
[WhiteFideId "12900494"]
[BlackFideId "12922757"]
[EventCountry "GER"]
[EventRounds "9"]
[EventType "swiss"]
[EventDate "2014.06.07"]

1. Nf3 d5 2. g3 Nc6 3. Bg2 Bg4 4. O-O Qd7 5. d3 O-O-O 6. Nbd2 e5 7. c4 dxc4 8.
Nxc4 f6 9. Be3 Bh3 10. Qc2 h5 11. Rfc1 Bxg2 12. Kxg2 h4 13. a3 hxg3 14. fxg3 g5
15. b4 Kb8 16. Rab1 Nh6 17. Qb2 Ng4 18. Bg1 Nd4 19. Nxd4 exd4 20. Nd2 Nxh2 21.
Kf2 Ng4+ 22. Ke1 Bd6 23. Nf3 Bxg3+ 24. Kd1 Rh1 25. Kc2 Qc6+ 26. Kb3 Qd5+ 27.
Kc2 Bf4 28. Rf1 Rxg1 29. Rxg1 Ne3+ 0-1

[Event "ODJM A 2014"]
[Site "Magdeburg GER"]
[Date "2014.06.08"]
[Round "2"]
[White "Cremer, Jan Paul"]
[Black "Dathe, Frederick"]
[Result "1-0"]
[Termination "normal"]
[Board "14"]
[WhiteElo "2211"]
[BlackElo "1576"]
[PlyCount "39"]
[WhiteFideId "24686115"]
[BlackFideId "12963070"]
[EventCountry "GER"]
[EventRounds "9"]
[EventType "swiss"]
[EventDate "2014.06.07"]

1. e4 c5 2. Nf3 a6 3. c4 Nc6 4. d4 cxd4 5. Nxd4 e5 6. Nc2 Nf6 7. Nc3 d6 8. Be2
Be6 9. O-O Be7 10. Be3 O-O 11. Qd2 Qc7 12. Rac1 Rac8 13. f3 Nd7 14. Rfd1 f5 15.
exf5 Rxf5 16. Nd5 Bxd5 17. cxd5 Qd8 18. dxc6 bxc6 19. Nb4 c5 20. Bxa6 1-0

[Event "ODJM A 2014"]
[Site "Magdeburg GER"]
[Date "2014.06.08"]
[Round "2"]
[White "Lengler, Tim"]
[Black "Giraud, Valerian"]
[Result "0-1"]
[Termination "normal"]
[Board "15"]
[WhiteElo "1573"]
[BlackElo "2004"]
[PlyCount "40"]
[WhiteFideId "12936197"]
[BlackFideId "12920355"]
[EventCountry "GER"]
[EventRounds "9"]
[EventType "swiss"]
[EventDate "2014.06.07"]

1. e4 e6 2. d4 d5 3. exd5 exd5 4. Bd3 Bd6 5. c3 Nc6 6. Nf3 Bg4 7. O-O Nge7 8.
Bg5 f6 9. Bh4 Qd7 10. Nbd2 O-O-O 11. Bg3 g5 12. b4 Bxg3 13. fxg3 Nf5 14. Kf2
Rde8 15. Qa4 Kb8 16. h3 Bxf3 17. gxf3 h5 18. Bb5 h4 19. g4 Qd6 20. Kg2 Qg3+ 0-1

[Event "ODJM A 2014"]
[Site "Magdeburg GER"]
[Date "2014.06.08"]
[Round "2"]
[White "Karsay, Pascal"]
[Black "Cejda, Moritz"]
[Result "1/2-1/2"]
[Termination "normal"]
[Board "16"]
[WhiteElo "1779"]
[BlackElo "1438"]
[PlyCount "51"]
[WhiteFideId "12953474"]
[BlackFideId "12925152"]
[EventCountry "GER"]
[EventRounds "9"]
[EventType "swiss"]
[EventDate "2014.06.07"]

1. e4 e6 2. d4 d5 3. Nd2 Nf6 4. e5 Nfd7 5. Bd3 c5 6. c3 Nc6 7. Ne2 Qb6 8. Nf3
cxd4 9. cxd4 Be7 10. O-O O-O 11. a3 f6 12. Qc2 fxe5 13. Bxh7+ Kh8 14. dxe5
Ndxe5 15. Nxe5 Nxe5 16. Nf4 Bg5 17. Nxd5 exd5 18. Bxg5 Be6 19. Rae1 Rac8 20.
Qb1 Ng4 21. h3 Nxf2 22. Be3 Nxh3+ 23. Kh2 Qd6+ 24. Kh1 d4 25. Rxf8+ Rxf8 26.
gxh3 1/2-1/2

[Event "ODJM A 2014"]
[Site "Magdeburg GER"]
[Date "2014.06.08"]
[Round "2"]
[White "Denkert, Robert"]
[Black "Schmidt, Daniel"]
[Result "1/2-1/2"]
[Termination "normal"]
[Board "17"]
[WhiteElo "1731"]
[BlackElo "1775"]
[PlyCount "159"]
[WhiteFideId "12957216"]
[BlackFideId "12957950"]
[EventCountry "GER"]
[EventRounds "9"]
[EventType "swiss"]
[EventDate "2014.06.07"]

1. e4 c5 2. Nc3 Nc6 3. f4 g6 4. Nf3 Bg7 5. Bc4 e6 6. O-O Nge7 7. Qe1 O-O 8. d3
Nd4 9. Nxd4 cxd4 10. Ne2 d5 11. exd5 Nxd5 12. Qf2 Ne7 13. Bd2 a6 14. Bb4 Re8
15. a4 Nf5 16. Ng3 Ne3 17. Rfe1 a5 18. Ba3 Bd7 19. b3 Bc6 20. Bb5 Bxb5 21. axb5
Nd5 22. Ne4 Qc7 23. Bd6 Qd7 24. Be5 Nb4 25. Rac1 Rec8 26. Nf6+ Bxf6 27. Bxf6
Qd5 28. Re5 Qd6 29. Ree1 Rc3 30. Be5 Qd8 31. Qxd4 Qxd4+ 32. Bxd4 Rxc2 33. Be5
Rac8 34. Rxc2 Rxc2 35. Rd1 Rc5 36. b6 Nd5 37. Ra1 Nxb6 38. Bd4 Rb5 39. Bxb6
Rxb6 40. Rxa5 Rxb3 41. Ra8+ Kg7 42. Rb8 Rxd3 43. Rxb7 Rd4 44. g3 Rd2 45. Rb5 h6
46. h4 Kf6 47. Rb7 Rd5 48. Kf2 g5 49. hxg5+ hxg5 50. Kf3 gxf4 51. gxf4 Ra5 52.
Ke4 Ra4+ 53. Ke3 Kg6 54. Re7 Ra6 55. Ke4 f6 56. Rb7 Ra4+ 57. Kf3 Kf5 58. Rb5+
e5 59. fxe5 fxe5 60. Rb3 Rf4+ 61. Ke3 Rh4 62. Rb8 Rh3+ 63. Ke2 Kf4 64. Rb4+ e4
65. Ke1 Ra3 66. Rb2 Kf3 67. Rf2+ Kg3 68. Rb2 Rc3 69. Ra2 Rb3 70. Rc2 Rb1+ 71.
Ke2 Kf4 72. Ra2 Rh1 73. Ra3 Rh2+ 74. Ke1 Rg2 75. Rb3 Rc2 76. Ra3 Rc4 77. Ke2
Rd4 78. Rb3 Rc4 79. Ra3 e3 80. Ra8 1/2-1/2

[Event "ODJM A 2014"]
[Site "Magdeburg GER"]
[Date "2014.06.08"]
[Round "2"]
[White "Doberitz, Paul"]
[Black "Reitz, Philipp"]
[Result "1-0"]
[Termination "normal"]
[Board "18"]
[WhiteElo "2211"]
[BlackElo "1522"]
[PlyCount "101"]
[WhiteFideId "24646130"]
[BlackFideId "12973297"]
[EventCountry "GER"]
[EventRounds "9"]
[EventType "swiss"]
[EventDate "2014.06.07"]

1. e4 e6 2. d4 d5 3. Nc3 dxe4 4. Nxe4 Nd7 5. Bd3 Ngf6 6. Qe2 c5 7. Be3 Nxe4 8.
Bxe4 Nf6 9. Bd3 cxd4 10. Bb5+ Bd7 11. Bxd7+ Nxd7 12. Bxd4 Qa5+ 13. c3 e5 14.
Nf3 f6 15. O-O Qa6 16. Qxa6 bxa6 17. Be3 Bc5 18. Bxc5 Nxc5 19. b3 Rd8 20. Rfe1
O-O 21. Rad1 Rfe8 22. Kf1 Kf7 23. Rxd8 Rxd8 24. Rc1 g5 25. Rc2 Ne4 26. Ke2 Nc5
27. Nd2 Nd3 28. g3 f5 29. Nc4 e4 30. Ke3 Kf6 31. Rd2 Re8 32. Nb2 f4+ 33. Ke2
Nc1+ 34. Kd1 e3 35. fxe3 fxe3 36. Rd6+ Kf5 37. Kxc1 e2 38. Nd3 e1=Q+ 39. Nxe1
Rxe1+ 40. Kc2 Kg4 41. c4 h5 42. Kc3 Rh1 43. Rd2 Rf1 44. Kd4 Rf7 45. Rc2 Kf3 46.
c5 Rd7+ 47. Ke5 Ke3 48. c6 Re7+ 49. Kd6 Rh7 50. c7 Rh6+ 51. Ke5 1-0

[Event "ODJM A 2014"]
[Site "Magdeburg GER"]
[Date "2014.06.08"]
[Round "2"]
[White "Zeller, Elisa"]
[Black "Garbuz, Vitaliy"]
[Result "1-0"]
[Termination "normal"]
[Board "19"]
[WhiteElo "1921"]
[BlackElo "1627"]
[PlyCount "177"]
[WhiteFideId "24662410"]
[BlackFideId "12990710"]
[EventCountry "GER"]
[EventRounds "9"]
[EventType "swiss"]
[EventDate "2014.06.07"]

1. e4 e5 2. Nf3 Nc6 3. Bb5 a6 4. Ba4 Nf6 5. O-O Nxe4 6. Re1 Nc5 7. Bxc6 dxc6 8.
Nxe5 Be7 9. Qe2 Be6 10. c3 Nd7 11. Nf3 Bg4 12. d4 Be6 13. c4 Nb6 14. b3 O-O 15.
Bb2 Re8 16. Nbd2 Bg4 17. Qd3 Bf6 18. Ne4 Bf5 19. Nxf6+ Qxf6 20. Qd2 Re4 21. d5
Qg6 22. Ne5 Rxe1+ 23. Rxe1 Qd6 24. Qc3 f6 25. c5 Nxd5 26. cxd6 Nxc3 27. Nc4 Nd5
28. dxc7 Nxc7 29. Nd6 Be6 30. Nxb7 Rb8 31. Nc5 Kf7 32. Rc1 Bd5 33. Bc3 Rb5 34.
Bd2 a5 35. Na4 Ke6 36. Nc3 Rb7 37. Nxd5 Kxd5 38. Bxa5 Nb5 39. Rd1+ Ke6 40. Bb4
Rd7 41. Rc1 Kf7 42. Kf1 Nd4 43. Bc5 Ne6 44. Bb6 Rd2 45. a4 Rb2 46. Rxc6 Rxb3
47. g3 Rb2 48. a5 Ra2 49. Rc8 Ke7 50. Ra8 Kd7 51. a6 Kc6 52. Be3 Nc7 53. Rg8
Rxa6 54. Rxg7 h5 55. Rh7 Ra5 56. Rh6 Rf5 57. h3 Nd5 58. Bd4 Kb5 59. Kg2 Kc4 60.
Ba1 Kd3 61. g4 hxg4 62. hxg4 Rf4 63. Kg3 Ke4 64. Rh5 f5 65. gxf5 Rxf5 66. Rh4+
Rf4 67. f3+ Kf5 68. Rh5+ Ke6 69. Re5+ Kf7 70. Rxd5 Ra4 71. Bc3 Rc4 72. Rd3 Kg6
73. f4 Re4 74. Kg4 Rc4 75. Be5 Rc1 76. Rd6+ Kf7 77. Kf5 Rc5 78. Rd7+ Ke8 79.
Ke6 Rc2 80. Rc7 Rxc7 81. Bxc7 Kf8 82. Bd6+ Kg8 83. f5 Kg7 84. f6+ Kg6 85. f7
Kg5 86. f8=Q Kg4 87. Qf2 Kg5 88. Qg3+ Kh6 89. Kf6 1-0

[Event "ODJM A 2014"]
[Site "Magdeburg GER"]
[Date "2014.06.08"]
[Round "2"]
[White "Borchert, Louis"]
[Black "Hesse, Henrik"]
[Result "1/2-1/2"]
[Termination "normal"]
[Board "20"]
[WhiteElo "1869"]
[BlackElo "1645"]
[PlyCount "107"]
[WhiteFideId "12990680"]
[BlackFideId "12952060"]
[EventCountry "GER"]
[EventRounds "9"]
[EventType "swiss"]
[EventDate "2014.06.07"]

1. e4 e5 2. Nf3 Nf6 3. d4 exd4 4. e5 Nd5 5. Qxd4 Nb6 6. Qe4 Nc6 7. Bd3 Be7 8.
Nc3 d5 9. exd6 cxd6 10. O-O d5 11. Qe2 O-O 12. Bf4 Bg4 13. Qd1 Nd4 14. Be2
Nxe2+ 15. Qxe2 Bf6 16. Qd3 Qd7 17. Nd4 Nc4 18. b3 Ne5 19. Bxe5 Bxe5 20. f4 Bf6
21. Kh1 Rac8 22. Rae1 Rfe8 23. Rxe8+ Rxe8 24. Nd1 Re4 25. Nf3 Rxf4 26. Qe3 Re4
27. Qxa7 Bxf3 28. gxf3 Re2 29. Qb8+ Bd8 30. Nf2 Rxc2 31. a4 Qc7 32. Qxc7 Bxc7
33. Re1 Kf8 34. Ng4 h5 35. Ne5 f6 36. Nd7+ Kf7 37. Rd1 Rxh2+ 38. Kg1 Rb2 39.
Rxd5 Rxb3 40. Nc5 Rb1+ 41. Kg2 Rb2+ 42. Kf1 Kg6 43. Rd7 Be5 44. Rxb7 Rxb7 45.
Nxb7 Kf7 46. Nc5 Ke7 47. a5 Bd4 48. Nd3 Kd7 49. Nf4 h4 50. Kg2 g5 51. Ne2 Be5
52. Kh3 f5 53. f4 Bf6 54. fxg5 1/2-1/2

[Event "ODJM A 2014"]
[Site "Magdeburg GER"]
[Date "2014.06.08"]
[Round "2"]
[White "Reck, Jessica"]
[Black "Hartmann, Jakob"]
[Result "0-1"]
[Termination "normal"]
[Board "21"]
[WhiteElo "1613"]
[BlackElo "1717"]
[PlyCount "38"]
[WhiteFideId "12917931"]
[BlackFideId "12918067"]
[EventCountry "GER"]
[EventRounds "9"]
[EventType "swiss"]
[EventDate "2014.06.07"]

1. d4 d5 2. c4 c6 3. Nf3 Nf6 4. Nc3 e6 5. a3 Nbd7 6. Bg5 Be7 7. e3 O-O 8. Be2
dxc4 9. Bxc4 b5 10. Bd3 a6 11. O-O c5 12. b3 Bb7 13. Re1 Rc8 14. Nd2 cxd4 15.
Nce4 dxe3 16. Rxe3 h6 17. Bh4 Nc5 18. Bc2 Nfxe4 19. Bxe4 Bxh4 0-1

[Event "ODJM A 2014"]
[Site "Magdeburg GER"]
[Date "2014.06.08"]
[Round "2"]
[White "Thumm, Felix"]
[Black "Maurer, Noah"]
[Result "1-0"]
[Termination "normal"]
[Board "22"]
[WhiteElo "1755"]
[BlackElo "1823"]
[PlyCount "41"]
[WhiteFideId "12902209"]
[BlackFideId "12920673"]
[EventCountry "GER"]
[EventRounds "9"]
[EventType "swiss"]
[EventDate "2014.06.07"]

1. d4 Nf6 2. Nf3 c5 3. e3 b6 4. Bd3 g6 5. b3 Bg7 6. Bb2 O-O 7. Nbd2 d6 8. O-O
Bb7 9. Re1 Ne8 10. c4 Nc6 11. a3 f5 12. Qb1 Qd7 13. d5 Ne5 14. Nxe5 dxe5 15. e4
f4 16. Nf3 Qd6 17. Ra2 e6 18. Qa1 exd5 19. exd5 Bxd5 20. cxd5 Qxd5 21. Bc4 1-0

[Event "ODJM A 2014"]
[Site "Magdeburg GER"]
[Date "2014.06.08"]
[Round "2"]
[White "Greßmann, Hanna"]
[Black "Pohl, Steffen"]
[Result "0-1"]
[Termination "normal"]
[Board "23"]
[WhiteElo "1551"]
[BlackElo "1712"]
[PlyCount "94"]
[WhiteFideId "12930709"]
[BlackFideId "12987824"]
[EventCountry "GER"]
[EventRounds "9"]
[EventType "swiss"]
[EventDate "2014.06.07"]

1. e4 Nc6 2. Nf3 Nf6 3. Nc3 d5 4. exd5 Nxd5 5. Nxd5 Qxd5 6. Be2 Bf5 7. d3 O-O-O
8. a3 e5 9. O-O e4 10. dxe4 Qxe4 11. Bd3 Qd5 12. Bxf5+ Qxf5 13. Qe2 Bd6 14. Be3
Rhe8 15. Qc4 Re4 16. Qc3 Ne5 17. Nd4 Qh5 18. h3 Ng4 19. Rfe1 Be5 20. Rad1 Nxe3
21. fxe3 Bg3 22. Rf1 Qg5 23. Rd3 Qg6 24. Nf5 Rde8 25. Qxg7 Be5 26. Qxg6 fxg6
27. Nh6 Bxb2 28. Ng4 h5 29. Nf6 Bxf6 30. Rxf6 Rxe3 31. Rxg6 Rxd3 32. cxd3 Re3
33. Rg5 Rxd3 34. a4 Rd4 35. a5 h4 36. Rg8+ Kd7 37. Rg7+ Kc6 38. Rg6+ Rd6 39.
Rg4 Rh6 40. Kf2 b6 41. Rg5 b5 42. Ke3 Rd6 43. Rh5 b4 44. Rxh4 Kb5 45. Rd4 Rg6
46. Rg4 Rh6 47. Rg5+ c5 0-1

[Event "ODJM A 2014"]
[Site "Magdeburg GER"]
[Date "2014.06.08"]
[Round "2"]
[White "Hinrichs, Niklas"]
[Black "Usczeck, Alina"]
[Result "1/2-1/2"]
[Termination "normal"]
[Board "24"]
[WhiteElo "1711"]
[BlackElo "1566"]
[PlyCount "50"]
[WhiteFideId "12942499"]
[BlackFideId "12938114"]
[EventCountry "GER"]
[EventRounds "9"]
[EventType "swiss"]
[EventDate "2014.06.07"]

1. d4 d5 2. c4 c6 3. Nc3 Nf6 4. Nf3 a6 5. Bf4 dxc4 6. e3 b5 7. h3 e6 8. Be2
Nbd7 9. O-O Bb7 10. b3 cxb3 11. Qxb3 c5 12. dxc5 Bxc5 13. Rfd1 Nd5 14. Bg3 O-O
15. Ne5 Nxe5 16. Bxe5 Qe7 17. Rac1 Rac8 18. Bd3 Nxc3 19. Rxc3 Bb4 20. Rcc1 Bd5
21. Qb1 Ba3 22. Rxc8 Rxc8 23. Bxh7+ Kh8 24. Be4 Bxe4 25. Qxe4 Kg8 1/2-1/2

[Event "ODJM A 2014"]
[Site "Magdeburg GER"]
[Date "2014.06.08"]
[Round "2"]
[White "Acikel, Mert"]
[Black "Wiese, Tobias"]
[Result "1-0"]
[Termination "normal"]
[Board "25"]
[WhiteElo "1707"]
[BlackElo "1548"]
[PlyCount "33"]
[WhiteFideId "12956465"]
[BlackFideId "12974382"]
[EventCountry "GER"]
[EventRounds "9"]
[EventType "swiss"]
[EventDate "2014.06.07"]

1. e4 e6 2. d4 d5 3. Nd2 c5 4. exd5 exd5 5. Ngf3 Nc6 6. c3 Bg4 7. Be2 Qb6 8.
Nb3 cxd4 9. Nfxd4 Nxd4 10. Nxd4 Bxe2 11. Qxe2+ Be7 12. O-O Kf8 13. Qf3 Rd8 14.
Be3 Qxb2 15. Ne6+ Ke8 16. Nxd8 Kxd8 17. Qxd5+ 1-0